Children in Africa : a review of psychological research /

Bibliographic Details
Main Author: Evans, Judith L.
Format: Book
Language:English
Published: New York : Teachers College Press, [1970]
Series:Publications of the Center for Education in Africa.
Subjects:

MARC

Tag First Indicator Second Indicator Subfields
LEADER 00000cam a2200000 4500
001 in00000280950
005 20151010071328.0
008 710122s1970 nyu b 00010 eng
010 |a  71113095  
035 |a (OCoLC)00116713 
035 |9 ABE7222AM 
040 |a DLC  |c DLC  |d TXA  |d UtOrBLW 
043 |a f------ 
049 |a TXAM  |c [954351] 
050 0 0 |a BF701  |b .E9 
082 0 |a 155.41 
100 1 |a Evans, Judith L. 
245 1 0 |a Children in Africa :  |b a review of psychological research /  |c [by] Judith L. Evans. 
264 1 |a New York :  |b Teachers College Press,  |c [1970] 
300 |a 115 pages ;  |c 23 cm. 
336 |a text  |b txt  |2 rdacontent 
337 |a unmediated  |b n  |2 rdamedia 
338 |a volume  |b nc  |2 rdacarrier 
490 1 |a Publications of the Center for Education in Africa 
504 |a Includes bibliographies. 
650 0 |a Children  |z Africa. 
650 0 |a Genetic psychology. 
830 0 |a Publications of the Center for Education in Africa. 
999 |a MARS 
999 f f |s 2e2fe0bf-f341-3aab-b88f-32e830e8e189  |i 70a4f652-84bf-3b8a-905d-c12b2db99be7  |t 0 
952 f f |p ric  |a Texas A&M University  |b Rellis Campus  |c Joint Library Facility  |d Remote Storage  |t 0  |e BF701 .E9  |h Library of Congress classification  |i unmediated -- volume  |m A14801697213 
998 f f |a BF701 .E9  |t 0  |l Remote Storage